Анализ динамических свойств реактивной гидротурбины при переменной частоте вращения; Современные техника и технологии; Т. 1

Bibliografiset tiedot
Parent link:Современные техника и технологии: сборник трудов XVIII международной научно-практической конференции студентов, аспирантов и молодых ученых, Томск, 9-13 апреля 2012 г/ Национальный исследовательский Томский политехнический университет (ТПУ).— , 2012
Т. 1.— 2012.— [С. 43-44]
Päätekijä: Диёров Р. Х.
Muut tekijät: Глазырин М. В. (научный руководитель)
Yhteenveto:Заглавие с титульного листа
Kieli:venäjä
Julkaistu: 2012
Sarja:Секция 1. Электроэнергетика
Aiheet:
Linkit:http://www.lib.tpu.ru/fulltext/v/Conferences/2012/C2/V1/v1_020.pdf
Aineistotyyppi: MixedMaterials Elektroninen Kirjan osa
KOHA link:https://koha.lib.tpu.ru/cgi-bin/koha/opac-detail.pl?biblionumber=220993

MARC

LEADER 00000naa2a2200000 4500
001 220993
005 20260206162452.0
035 |a (RuTPU)RU\TPU\book\241133 
035 |a RU\TPU\book\241100 
090 |a 220993 
100 |a 20120905d2012 k y0rusy50 ca 
101 0 |a rus 
102 |a RU 
135 |a drnn ---uucaa 
181 0 |a i  
182 0 |a b 
200 1 |a Анализ динамических свойств реактивной гидротурбины при переменной частоте вращения  |f Р. Х. Диёров, М. В. Глазырин  |g науч. рук. М. В. Глазырин 
203 |a Текст  |c электронный 
215 |a 1 файл (770 Кб) 
225 1 |a Секция 1. Электроэнергетика 
300 |a Заглавие с титульного листа 
320 |a [Библиогр.: с. 44 (4 назв.)] 
337 |a Adobe Reader 
461 1 |0 (RuTPU)RU\TPU\book\240890  |t Современные техника и технологии  |o сборник трудов XVIII международной научно-практической конференции студентов, аспирантов и молодых ученых, Томск, 9-13 апреля 2012 г  |o в 3 т.  |f Национальный исследовательский Томский политехнический университет (ТПУ)  |d 2012 
463 1 |0 (RuTPU)RU\TPU\book\240891  |t Т. 1  |v [С. 43-44]  |d 2012 
610 1 |a труды учёных ТПУ 
610 1 |a электронный ресурс 
610 1 |a динамические свойства 
610 1 |a реактивные двигатели 
610 1 |a гидротурбины 
610 1 |a переменное действие 
610 1 |a частота вращения 
610 1 |a ГЭС 
700 1 |a Диёров  |b Р. Х. 
701 1 |a Глазырин  |b М. В. 
702 1 |a Глазырин  |b М. В.  |4 727 
801 2 |a RU  |b 63413507  |c 20120905  |g RCR 
856 4 |u http://www.lib.tpu.ru/fulltext/v/Conferences/2012/C2/V1/v1_020.pdf 
942 |c CF